000 00533nam a22001697a 4500
005 20260407113113.0
008 260407b |||||||| |||| 00| 0 eng d
037 _cDSWL
040 _aDSWL
_cDSWL
041 _heng
100 _aFarooqui, Jannat Fatima
_91234198
245 _aUnderstanding the role of parental involvement in academic performance of students
260 _aNew Delhi,
_bDepartment of Social Work,
_c2017
300 _a167p
942 _2CC
_cTH
_n0
999 _c1848025
_d1848025